Normal view
MARC view
Entry Topical Term
001 - CONTROL NUMBER
- control field: 1044696
003 - CONTROL NUMBER IDENTIFIER
- control field: OSt
005 - DATE AND TIME OF LATEST TRANSACTION
- control field: 20260121161430.0
008 - FIXED-LENGTH DATA ELEMENTS
- fixed length control field: 260121|| aca||aabn | a|a d
040 ## - CATALOGING SOURCE
- Original cataloging agency: OSt
- Transcribing agency: OSt
150 ## - HEADING--TOPICAL TERM
- Topical term or geographic name entry element: Algorithms & Complexity
670 ## - SOURCE DATA FOUND
- Source citation: Work cat.: (OSt)1610755: Explainable Artificial Intelligence (XAI) in Healthcare 1044695, Utku Kose; Nilgun Sengoz; Xi Chen; Jose Antonio Marmolejo Saucedo
